[Event "Mezinarodni turnaj - CALLIDITAS OPEN"]
[Site "Plzen"]
[Date "2020.08.29"]
[Round "8.1"]
[White "Eret, Matous"]
[Black "Kozak, Milos"]
[Result "1-0"]
[WhiteElo "2195"]
[BlackElo "2135"]
[PlyCount "107"]
[EventDate "2020.08.23"]

1. e4 c6 2. Nf3 d5 3. Nc3 dxe4 4. Nxe4 Nf6 5. Nxf6+ exf6 6. d4 Bd6 7. Be3 O-O
8. Qd2 Be6 9. Bd3 Nd7 10. c4 Re8 11. h3 Nf8 12. O-O-O Qc8 13. Kb1 Bf5 14. Ka1
Bxd3 15. Qxd3 c5 16. Rhe1 a6 17. Nd2 cxd4 18. Bxd4 Rxe1 19. Rxe1 Bb4 20. Bc3
Bxc3 21. Qxc3 Qc6 22. Qf3 Ne6 23. Qxc6 bxc6 24. Kb1 Rd8 25. Kc2 Kf8 26. g3 c5
27. Re3 f5 28. Nb3 g6 29. a3 Rc8 30. Na5 f4 31. Rd3 fxg3 32. fxg3 Ke7 33. b4 g5
34. Kc3 cxb4+ 35. axb4 h5 36. c5 Nc7 37. Nc6+ Ke8 38. Kc4 Nb5 39. Nd4 Nc7 40.
Nf5 Rd8 41. Ng7+ Ke7 42. Rxd8 Kxd8 43. Nxh5 Ke7 44. g4 Ke6 45. Ng7+ Ke5 46. Nf5
f6 47. c6 Ne6 48. b5 axb5+ 49. Kxb5 Kf4 50. Kb6 Kf3 51. c7 Nxc7 52. Kxc7 Kg2
53. Kd6 Kxh3 54. Nh6 1-0

[Event "Mezinarodni turnaj - CALLIDITAS OPEN"]
[Site "Plzen"]
[Date "2020.08.29"]
[Round "8.2"]
[White "Vilimek, Vit"]
[Black "Palek, Miroslav"]
[Result "0-1"]
[WhiteElo "1761"]
[BlackElo "2158"]
[PlyCount "114"]
[EventDate "2020.08.23"]

1. e4 c5 2. b4 d6 3. a3 Nf6 4. Nc3 g6 5. Bb2 Bg7 6. Nd5 Nbd7 7. Bb5 O-O 8. d3
e6 9. Nxf6+ Nxf6 10. Ne2 a6 11. Ba4 b5 12. Bb3 Bb7 13. O-O Qc7 14. Rc1 c4 15.
Ba2 e5 16. f3 d5 17. exd5 Nxd5 18. Qd2 Qb6+ 19. d4 c3 20. Nxc3 Nxc3 21. Bxc3
exd4 22. Ba1 Rfd8 23. Qd3 Bc8 24. Kh1 Bf5 25. Qd2 Rac8 26. Qf4 Qc7 27. Qxc7
Rxc7 28. Bb3 d3 29. cxd3 Rxc1 30. Rxc1 Rxd3 31. Bc2 Rxa3 32. Bxf5 Bxa1 33. Bc8
Bc3 34. Rb1 Bxb4 35. Kg1 Bc3 36. Bb7 b4 37. Bd5 a5 38. Kf2 a4 39. Ke2 b3 40.
Kd3 Be5 41. h3 b2+ 42. Kc2 Ra1 43. Rxb2 Bxb2 44. Kxb2 Rd1 45. Be4 Rd2+ 46. Ka3
Rxg2 47. Kxa4 Rh2 48. Kb4 Rxh3 49. Kc3 h5 50. Kd2 h4 51. Ke3 Rg3 52. Kf2 Rg5
53. f4 Rg4 54. Kf3 f5 55. Bc6 h3 56. Ke3 h2 57. Kf2 Rg1 0-1

[Event "Mezinarodni turnaj - CALLIDITAS OPEN"]
[Site "Plzen"]
[Date "2020.08.29"]
[Round "8.3"]
[White "Haba, Zdenek"]
[Black "Bullen, Alex"]
[Result "1-0"]
[WhiteElo "2163"]
[BlackElo "2116"]
[PlyCount "99"]
[EventDate "2020.08.23"]

1. d4 d5 2. c4 e6 3. Nf3 Nf6 4. g3 Bb4+ 5. Bd2 Be7 6. Bg2 O-O 7. Qc2 Nbd7 8.
O-O Ne4 9. Bf4 c6 10. Nc3 g5 11. Bc1 f5 12. e3 Nd6 13. Nd2 Bf6 14. b3 Rf7 15.
Ba3 Nf8 16. Rac1 h5 17. f3 f4 18. exf4 Bxd4+ 19. Kh1 gxf4 20. Ne2 Nf5 21. Nxd4
Nxd4 22. Qc3 Nf5 23. g4 Ne3 24. Qe5 hxg4 25. Bb2 Rh7 26. Qxf4 Qh4 27. fxg4 Ng6
28. Qd6 Bd7 29. Rf6 Nf8 30. Nf3 Qf2 31. Rg1 Qxb2 32. Ne5 Nxg2 33. Rxg2 Qb1+ 34.
Rg1 Qe4+ 35. Rg2 Qe1+ 36. Rg1 Rxh2+ 37. Kxh2 Qh4+ 38. Kg2 Qxf6 39. Rf1 Qh6 40.
Nxd7 Nxd7 41. Qxd7 Qg6 42. Kg3 Rf8 43. Rxf8+ Kxf8 44. Qc8+ Qe8 45. Qxb7 d4 46.
Qxa7 e5 47. Qh7 Qe6 48. Qf5+ Qxf5 49. gxf5 d3 50. Kf2 1-0

[Event "Mezinarodni turnaj - CALLIDITAS OPEN"]
[Site "Plzen"]
[Date "2020.08.29"]
[Round "8.4"]
[White "Seterle, Matej"]
[Black "Novacek, Karel"]
[Result "1-0"]
[WhiteElo "1745"]
[BlackElo "2030"]
[PlyCount "87"]
[EventDate "2020.08.23"]

1. d3 d5 2. Nf3 Nf6 3. c3 c5 4. Qc2 Nc6 5. e4 d4 6. Be2 e5 7. Nbd2 Be7 8. O-O
O-O 9. Nc4 Qc7 10. a4 Be6 11. Na3 a6 12. Bg5 Rac8 13. Nd2 Ne8 14. Bxe7 Nxe7 15.
Nac4 Nc6 16. g3 Bh3 17. Rfc1 f5 18. Bf1 Bg4 19. h3 Bh5 20. Bg2 f4 21. g4 Bf7
22. f3 Be6 23. Na3 Nd6 24. Nb3 dxc3 25. Qxc3 b6 26. Nc2 Qf7 27. Nd2 Nd4 28.
Nxd4 cxd4 29. Qb4 Qd7 30. Qxb6 Rb8 31. Qxa6 Rxb2 32. Rc6 Rd8 33. Nf1 Bf7 34.
Rac1 Rbb8 35. Qa5 Qe7 36. Nd2 h6 37. Qc5 Qf8 38. Qxe5 Be8 39. Rc7 Nf7 40. Qxf4
Bxa4 41. e5 Qe8 42. Nc4 Ng5 43. Nd6 Ne6 44. Rxg7+ 1-0

[Event "Mezinarodni turnaj - CALLIDITAS OPEN"]
[Site "Plzen"]
[Date "2020.08.29"]
[Round "8.5"]
[White "Chval, Zdenek"]
[Black "Jares, Michal"]
[Result "1-0"]
[WhiteElo "1676"]
[BlackElo "1906"]
[PlyCount "113"]
[EventDate "2020.08.23"]

1. e4 c5 2. Nf3 d6 3. d4 cxd4 4. Nxd4 Nf6 5. Nc3 g6 6. Be3 Bg7 7. f3 O-O 8. Qd2
Nc6 9. O-O-O Bd7 10. g4 Rc8 11. h4 h5 12. Nd5 Nxd5 13. exd5 Nxd4 14. Bxd4 hxg4
15. Bxg7 Kxg7 16. Qd4+ f6 17. fxg4 Qa5 18. Kb1 Qc5 19. Qe4 Bxg4 20. Rd2 Bf5 21.
Qg2 Rh8 22. Bd3 Bxd3 23. Rxd3 Rh6 24. Rc3 Qxc3 25. bxc3 Rxc3 26. Qe4 Rc7 27.
Rg1 b6 28. Rg3 Kf7 29. Kb2 Rc5 30. Rc3 Rh5 31. Rxc5 bxc5 32. a4 Re5 33. Qh1 f5
34. h5 gxh5 35. Qxh5+ Kf6 36. Qh6+ Kf7 37. c4 Re4 38. Kb3 a6 39. a5 Re5 40. Qg5
Ke8 41. Qg8+ Kd7 42. Qa8 f4 43. Qxa6 f3 44. Qc6+ Kd8 45. a6 Re3+ 46. Kc2 Ra3
47. Qa8+ Kd7 48. Qb7+ Ke8 49. a7 Ra2+ 50. Kb3 f2 51. a8=Q+ Kf7 52. Qxa2 f1=Q
53. Ka3 Qe1 54. Qb5 Qc3+ 55. Ka4 Qe1 56. Qbb2 Ke8 57. Kb5 1-0

[Event "Mezinarodni turnaj - CALLIDITAS OPEN"]
[Site "Plzen"]
[Date "2020.08.29"]
[Round "8.6"]
[White "Vantuch, Lucian"]
[Black "Arndt, Stefan"]
[Result "1-0"]
[WhiteElo "1966"]
[BlackElo "2168"]
[PlyCount "69"]
[EventDate "2020.08.23"]

1. e4 e5 2. Nf3 Nc6 3. Bc4 Nf6 4. d4 exd4 5. e5 d5 6. Bb5 Nd7 7. O-O Be7 8.
Bxc6 bxc6 9. Nxd4 Nb8 10. f4 c5 11. Nb3 a5 12. f5 a4 13. N3d2 Nc6 14. Qh5 Nxe5
15. Nf3 Nxf3+ 16. Rxf3 Bb7 17. Na3 d4 18. Rg3 Qd5 19. Rxg7 Bf6 20. Rg4 O-O-O
21. Bf4 c4 22. Rc1 c3 23. b3 d3 24. cxd3 axb3 25. axb3 Qxb3 26. Nc4 Rxd3 27.
Qxf7 Rd4 28. Kf1 Rd1+ 29. Ke2 Rd2+ 30. Bxd2 cxd2 31. Nd6+ Kb8 32. Qxc7+ Ka8 33.
Ra1+ Bxa1 34. Ra4+ Qxa4 35. Qxb7# 1-0

[Event "Mezinarodni turnaj - CALLIDITAS OPEN"]
[Site "Plzen"]
[Date "2020.08.29"]
[Round "8.7"]
[White "Pacl, Vaclav"]
[Black "Toman, Jan"]
[Result "1-0"]
[WhiteElo "2021"]
[BlackElo "1724"]
[PlyCount "125"]
[EventDate "2020.08.23"]

1. Nf3 Nf6 2. g3 g6 3. b3 Bg7 4. Bb2 O-O 5. Bg2 c5 6. c4 Nc6 7. O-O d6 8. e3
Bf5 9. Qe2 Nb4 10. Ne1 Qd7 11. a3 Nc6 12. d3 Rab8 13. Nc3 Bh3 14. Rc1 Bxg2 15.
Kxg2 e6 16. Nf3 Rfd8 17. Rfd1 Qe7 18. Qc2 Rd7 19. Ne2 b5 20. cxb5 Rxb5 21. b4
a5 22. Nc3 Rb8 23. bxc5 dxc5 24. Na4 Rdb7 25. Qxc5 Rxb2 26. Nxb2 Rxb2 27. Qxc6
Nd5 28. Rc2 Qxa3 29. Qc8+ Qf8 30. Qxf8+ Kxf8 31. Rxb2 Bxb2 32. Rb1 Bc3 33. Rb8+
Kg7 34. Ra8 Nb6 35. Ra6 Na4 36. Nd4 Nb2 37. Nb3 Nxd3 38. Nxa5 Ne1+ 39. Kf1 Nf3
40. h3 h5 41. h4 e5 42. Nb3 e4 43. Nc5 f5 44. Ne6+ Kf7 45. Nf4 Ne5 46. Nd5 Bb2
47. Ke2 Nd3 48. Nf4 Nxf4+ 49. exf4 Bd4 50. f3 exf3+ 51. Kxf3 Bc5 52. Rc6 Bd4
53. Ke2 Kg7 54. Rc2 Kf7 55. Kd3 Bg1 56. Re2 Bb6 57. Kc4 Bg1 58. Kd5 Bb6 59. Rb2
Ba5 60. Rb3 Bd2 61. Ke5 Be1 62. Rb7+ Kg8 63. Kf6 1-0

[Event "Mezinarodni turnaj - CALLIDITAS OPEN"]
[Site "Plzen"]
[Date "2020.08.29"]
[Round "8.8"]
[White "Bechynsky, Jan"]
[Black "Kubat, Miroslav"]
[Result "1/2-1/2"]
[WhiteElo "1955"]
[BlackElo "2019"]
[PlyCount "95"]
[EventDate "2020.08.23"]

1. e4 c5 2. c3 Nf6 3. e5 Nd5 4. d4 cxd4 5. cxd4 e6 6. Nc3 Bb4 7. Bd2 Nxc3 8.
bxc3 Be7 9. Qg4 Kf8 10. h4 d6 11. f4 f5 12. Qg3 d5 13. h5 Nc6 14. Nf3 Na5 15.
Ng5 Qc7 16. h6 g6 17. Be2 Bxg5 18. Qxg5 Qe7 19. Qg3 Bd7 20. Bc1 Kf7 21. a4 Nc4
22. Bxc4 dxc4 23. Ba3 Qd8 24. Bd6 Bc6 25. Kd2 Be4 26. Rhe1 Bd5 27. Rab1 Rg8 28.
Qh3 Rc8 29. Rb5 Bc6 30. Rb4 Bd5 31. Reb1 b6 32. a5 Rc6 33. axb6 Rxb6 34. Rxb6
axb6 35. Ra1 Re8 36. Ra7+ Kg8 37. g3 Ba8 38. Rc7 Bd5 39. Qf1 Qa8 40. Qb1 Bh1
41. Qf1 Qa2+ 42. Ke3 Bd5 43. Rg7+ Kh8 44. Be7 Qc2 45. Bf6 Qxc3+ 46. Ke2 Qd3+
47. Ke1 Qc3+ 48. Ke2 1/2-1/2

[Event "Mezinarodni turnaj - CALLIDITAS OPEN"]
[Site "Plzen"]
[Date "2020.08.29"]
[Round "8.9"]
[White "Tscharotschkin, Michael"]
[Black "Mlcak, Viktor"]
[Result "1-0"]
[WhiteElo "2174"]
[BlackElo "1803"]
[PlyCount "85"]
[EventDate "2020.08.23"]

1. d4 Nf6 2. Nf3 g6 3. c4 Bg7 4. Nc3 O-O 5. e4 d6 6. Be2 e5 7. O-O Nc6 8. d5
Ne7 9. Ne1 Nd7 10. f3 f5 11. Be3 Nf6 12. Nd3 f4 13. Bf2 g5 14. c5 Ng6 15. Rc1
Rf7 16. cxd6 cxd6 17. Qb3 Bf8 18. Nb5 a6 19. Nc7 Rxc7 20. Bb6 Ne8 21. Rxc7 Nxc7
22. Rc1 Be7 23. Bxc7 Qf8 24. Qb6 h5 25. Nf2 Nh8 26. Kh1 Qf6 27. a4 Nf7 28. a5
Nh6 29. Qb3 Kg7 30. Bb6 g4 31. fxg4 Nxg4 32. Rc7 Kg6 33. Qc3 Qf8 34. h3 Nf6 35.
Qc2 Nd7 36. Nd3 Nxb6 37. axb6 Rb8 38. Ne1 Qe8 39. Qd1 Kh6 40. Bxh5 Qf8 41. Bg4
Bh4 42. Bxc8 Rxc8 43. Qg4 1-0

[Event "Mezinarodni turnaj - CALLIDITAS OPEN"]
[Site "Plzen"]
[Date "2020.08.29"]
[Round "8.10"]
[White "Folkova, Martina"]
[Black "Hrdlica, Pavel"]
[Result "1/2-1/2"]
[WhiteElo "2001"]
[BlackElo "1952"]
[PlyCount "120"]
[EventDate "2020.08.23"]

1. e4 e6 2. d4 d5 3. Nd2 Nf6 4. e5 Nfd7 5. Bd3 c5 6. c3 Nc6 7. Ne2 Be7 8. f4
Qb6 9. Nf3 cxd4 10. cxd4 f6 11. exf6 Nxf6 12. O-O O-O 13. Kh1 g6 14. a3 Nh5 15.
b4 a6 16. Be3 Bd7 17. Qd2 Rac8 18. g4 Ng7 19. Ne5 Nxe5 20. dxe5 Qc7 21. Bd4 Bb5
22. Bxb5 axb5 23. Rac1 Qd7 24. Rc3 Rc4 25. Rh3 g5 26. Qd3 h5 27. gxh5 Nf5 28.
fxg5 Qc6 29. h6 Rc2 30. Nc3 Qc4 31. Qxc4 bxc4 32. Bf2 Bxg5 33. h7+ Kh8 34. Kg1
Bh6 35. Bc5 Rf7 36. Rxf5 Rxf5 37. Rxh6 Rxc3 38. Be7 Rcf3 39. Bf6+ Rxf6 40. exf6
c3 41. Rg6 c2 42. Rg8+ Kxh7 43. Rc8 Rxf6 44. Rxc2 Kg6 45. b5 e5 46. a4 d4 47.
Rg2+ Kh5 48. Re2 Re6 49. Kf1 Kg4 50. Rf2 d3 51. a5 e4 52. Rf7 Rh6 53. Rxb7 Rxh2
54. a6 Kf3 55. Rf7+ Ke3 56. a7 d2 57. Rd7 Kf3 58. Rf7+ Kg3 59. Rg7+ Kf3 60.
Rf7+ Kg3 1/2-1/2

[Event "Mezinarodni turnaj - CALLIDITAS OPEN"]
[Site "Plzen"]
[Date "2020.08.29"]
[Round "8.11"]
[White "Ondrejat, Miroslav"]
[Black "Hoke, Petr"]
[Result "1/2-1/2"]
[WhiteElo "1950"]
[BlackElo "1980"]
[PlyCount "120"]
[EventDate "2020.08.23"]

1. e4 g6 2. d4 Bg7 3. Nf3 d6 4. c4 Nd7 5. Nc3 b6 6. Bd3 Bb7 7. O-O a6 8. Be3
Ngf6 9. h3 e5 10. d5 Nc5 11. Bc2 O-O 12. b4 Ncd7 13. Qd2 a5 14. a3 Qe7 15. Bg5
Rfc8 16. Nh2 Qf8 17. g4 h5 18. Ba4 hxg4 19. hxg4 Ba6 20. b5 Bb7 21. f3 Nh7 22.
Be3 Qe7 23. Bc2 Bf6 24. Kg2 Ng5 25. Rh1 Kg7 26. Nf1 Rh8 27. Ng3 Rxh1 28. Rxh1
Rh8 29. Rxh8 Kxh8 30. Qc1 Nh7 31. Qh1 Bg5 32. Bf2 Bc8 33. Nd1 Kg8 34. Ne3 Ndf6
35. a4 Ne8 36. Kf1 Ng7 37. Ke2 Qf6 38. Ngf1 Nf8 39. Bd1 Bf4 40. Bh4 g5 41. Bf2
Ng6 42. Nf5 Nxf5 43. gxf5 Bxf5 44. exf5 Qxf5 45. Ne3 Qb1 46. Ng4 f5 47. Nf6+
Kf7 48. Qh7+ Kxf6 49. Qxc7 Qb2+ 50. Kf1 e4 51. Qxb6 Be5 52. Qd8+ Kg7 53. Qxg5
Qb1 54. Qd2 exf3 55. Qc2 Qb4 56. Bxf3 Qa3 57. Qd1 Qc3 58. b6 Qxc4+ 59. Be2 Qe4
60. Bf3 Qc4+ 1/2-1/2

[Event "Mezinarodni turnaj - CALLIDITAS OPEN"]
[Site "Plzen"]
[Date "2020.08.29"]
[Round "8.12"]
[White "Chudek, Lubomir"]
[Black "Nosek, Jan"]
[Result "0-1"]
[WhiteElo "1785"]
[BlackElo "1968"]
[PlyCount "60"]
[EventDate "2020.08.23"]

1. e4 c5 2. Nf3 d6 3. d4 cxd4 4. Nxd4 Nf6 5. Nc3 Nc6 6. Be2 e5 7. Nb3 Be7 8.
O-O O-O 9. Kh1 a5 10. a4 Nb4 11. Bg5 Be6 12. Bxf6 Bxf6 13. Nb5 Rc8 14. c3 Na6
15. Bf3 Be7 16. Bg4 Qb6 17. f4 Bc4 18. Rf3 Rfd8 19. f5 d5 20. exd5 Rxd5 21. Qc2
Rcd8 22. Rh3 Bf6 23. Bf3 Bd3 24. Qc1 e4 25. Bg4 Bxb5 26. axb5 Rxb5 27. Nd4 Bxd4
28. cxd4 Qxd4 29. Rb1 Rbd5 30. Rc3 Nc5 0-1

[Event "Mezinarodni turnaj - CALLIDITAS OPEN"]
[Site "Plzen"]
[Date "2020.08.29"]
[Round "8.13"]
[White "Hodan, Jiri"]
[Black "Bassani, Eduardo"]
[Result "1/2-1/2"]
[WhiteElo "1871"]
[BlackElo "1957"]
[PlyCount "66"]
[EventDate "2020.08.23"]

1. e4 e5 2. Nf3 d6 3. d4 Nd7 4. Bc4 c6 5. a4 a5 6. O-O Be7 7. Nc3 Ngf6 8. Re1
O-O 9. Ba2 h6 10. Nh4 Nxe4 11. Ng6 Nxc3 12. bxc3 Re8 13. Ba3 c5 14. dxe5 Nxe5
15. Nxe5 dxe5 16. Qh5 Be6 17. Bxe6 fxe6 18. Rad1 Qc7 19. Qxe5 Qxe5 20. Rxe5 Bf6
21. Re3 Rad8 22. Red3 c4 23. Rxd8 Rxd8 24. Rxd8+ Bxd8 25. Bc5 Bf6 26. Bd4 Kf7
27. Kf1 Ke7 28. Ke2 Kd6 29. Kd2 Kd5 30. Bb6 g6 31. Bxa5 Bg5+ 32. Ke2 h5 33. h3
Ke4 1/2-1/2

[Event "Mezinarodni turnaj - CALLIDITAS OPEN"]
[Site "Plzen"]
[Date "2020.08.29"]
[Round "8.14"]
[White "Novotny, Ondrej"]
[Black "Teply Koutsky, David"]
[Result "1-0"]
[WhiteElo "2031"]
[BlackElo "1512"]
[PlyCount "83"]
[EventDate "2020.08.23"]

1. e4 e6 2. Nf3 d5 3. e5 c5 4. b4 cxb4 5. d4 Nc6 6. a3 bxa3 7. Bxa3 Bxa3 8.
Nxa3 a6 9. Nb5 h6 10. c3 Nge7 11. Nd6+ Kf8 12. Nh4 g5 13. Qh5 Rh7 14. Bd3 Rg7
15. Nf3 Nf5 16. Bxf5 exf5 17. Qxh6 Kg8 18. h4 Ne7 19. Nxg5 Qc7 20. Kd2 Bd7 21.
Rh3 f4 22. Ngxf7 Rxf7 23. Nxf7 Kxf7 24. Qxf4+ Ke8 25. Rf3 Kd8 26. Qf8+ Be8 27.
Rf6 Nc8 28. h5 Qe7 29. h6 Qh7 30. Ra5 b5 31. Qg7 Qb1 32. h7 Ra7 33. Qxa7 Nxa7
34. h8=Q Qb2+ 35. Kd3 Qb1+ 36. Kd2 Qb2+ 37. Kd3 Qb1+ 38. Ke3 Qe1+ 39. Kf3 Qxc3+
40. Kg4 Qxa5 41. Rd6+ Kc7 42. Qxe8 1-0

[Event "Mezinarodni turnaj - CALLIDITAS OPEN"]
[Site "Plzen"]
[Date "2020.08.29"]
[Round "8.15"]
[White "Schubert, Gerhard"]
[Black "Klabenes, Petr"]
[Result "0-1"]
[WhiteElo "1976"]
[BlackElo "1660"]
[PlyCount "54"]
[EventDate "2020.08.23"]

1. e4 c5 2. Nc3 e6 3. g3 Nc6 4. Bg2 a6 5. f4 b5 6. Nf3 Bb7 7. d4 cxd4 8. Nxd4
Qc7 9. Be3 Rc8 10. Nce2 d6 11. O-O Nf6 12. c3 e5 13. Nc2 Be7 14. h3 Na5 15. Nb4
Nc4 16. Bc1 Nxe4 17. Nd5 Qc5+ 18. Nd4 Bxd5 19. b4 Qa7 20. Qg4 O-O 21. fxe5 Nxe5
22. Qf4 Bg5 23. Qf5 g6 24. Kh2 gxf5 25. Bxg5 Nxg5 26. Bxd5 Rxc3 27. Nxf5 Rc2+
0-1

[Event "Mezinarodni turnaj - CALLIDITAS OPEN"]
[Site "Plzen"]
[Date "2020.08.29"]
[Round "8.16"]
[White "Nandi, Robin J"]
[Black "Svanda, Adam"]
[Result "1/2-1/2"]
[WhiteElo "1902"]
[BlackElo "1852"]
[PlyCount "87"]
[EventDate "2020.08.23"]

1. d4 Nf6 2. c4 g6 3. Nc3 d5 4. cxd5 Nxd5 5. e4 Nxc3 6. bxc3 Bg7 7. Nf3 c5 8.
Be3 O-O 9. Be2 Qa5 10. Qd2 Nc6 11. Rb1 Rd8 12. Rb5 Qa3 13. O-O Bg4 14. Rb3 Qa4
15. Rxb7 cxd4 16. cxd4 Nxd4 17. Nxd4 Bxe2 18. Qxe2 Bxd4 19. Bxd4 Rxd4 20. Rxe7
Rad8 21. g3 Rd2 22. Qf3 Qxa2 23. Qf6 R2d6 24. Qe5 Re6 25. Rxe6 Qxe6 26. Qxe6
fxe6 27. Ra1 Rd7 28. f4 Kf7 29. Kg2 Ke7 30. Ra6 Kf7 31. Kh3 h6 32. Kg4 Re7 33.
e5 Kg7 34. h4 h5+ 35. Kg5 Kf7 36. Kh6 Rb7 37. Kh7 Rc7 38. Kh6 Rd7 39. Kh7 Rb7
40. Ra3 Rc7 41. Rd3 Re7 42. Rd8 Re8 43. Rd7+ Re7 44. Rd8 1/2-1/2

[Event "Mezinarodni turnaj - CALLIDITAS OPEN"]
[Site "Plzen"]
[Date "2020.08.29"]
[Round "8.17"]
[White "Cizek, Jan"]
[Black "Janecek, Pavel"]
[Result "1-0"]
[WhiteElo "1645"]
[BlackElo "1900"]
[PlyCount "111"]
[EventDate "2020.08.23"]

1. e4 c5 2. Nf3 Nc6 3. d4 cxd4 4. Nxd4 g6 5. Nc3 Bg7 6. Be3 Nf6 7. Bc4 O-O 8.
Bb3 d6 9. f3 Na5 10. Qd2 a6 11. O-O-O b5 12. h4 Nc4 13. Bxc4 bxc4 14. Bh6 Rb8
15. Nc6 Qb6 16. Nxb8 Qxb8 17. Bxg7 Kxg7 18. g4 Be6 19. h5 Ng8 20. hxg6 hxg6 21.
Nd5 Qb5 22. Nc7 Qb6 23. Qd4+ Qxd4 24. Rxd4 Rc8 25. Nxe6+ fxe6 26. g5 e5 27. Rd5
Rc6 28. Rhd1 Kf7 29. Kd2 e6 30. Ra5 Ne7 31. Ke3 d5 32. c3 Rb6 33. Rd2 Nc6 34.
Rc5 Ne7 35. Rc7 Rb8 36. Rh2 Re8 37. Ra7 Kg8 38. Rxa6 Rd8 39. Rxe6 d4+ 40. Kd2
Kf7 41. Rxe5 Nc6 42. Rd5 Rb8 43. Rh7+ Ke6 44. Rc7 Rxb2+ 45. Kc1 Rb6 46. Rc5 Ne5
47. Re7+ Kxe7 48. Rxe5+ Kf7 49. cxd4 Ra6 50. Kb2 c3+ 51. Kxc3 Rxa2 52. Kd3 Ra3+
53. Ke2 Ra2+ 54. Ke3 Ra3+ 55. Kf4 Rd3 56. d5 1-0

[Event "Mezinarodni turnaj - CALLIDITAS OPEN"]
[Site "Plzen"]
[Date "2020.08.29"]
[Round "8.18"]
[White "Molnar, Ladislav"]
[Black "Cipl, Jan"]
[Result "0-1"]
[WhiteElo "1698"]
[BlackElo "1634"]
[PlyCount "60"]
[EventDate "2020.08.23"]

1. e4 e5 2. Nf3 Nc6 3. Bc4 Bc5 4. O-O Nf6 5. d3 d6 6. h3 h6 7. c3 O-O 8. b4 Bb6
9. a4 a6 10. Be3 Bxe3 11. fxe3 Be6 12. Bxe6 fxe6 13. Nbd2 Qe7 14. Qe1 b5 15. a5
Rad8 16. d4 exd4 17. exd4 e5 18. d5 Nb8 19. Nh4 Qd7 20. Nf5 Nxd5 21. Qg3 Nf4
22. Rf2 Kh7 23. Raf1 d5 24. Qg4 dxe4 25. g3 e3 26. Rxf4 exf4 27. Rxf4 exd2 28.
Rd4 Qxf5 29. Qxf5+ Rxf5 30. Rxd8 Rf3 0-1

[Event "Mezinarodni turnaj - CALLIDITAS OPEN"]
[Site "Plzen"]
[Date "2020.08.29"]
[Round "8.19"]
[White "Vachal, Josef"]
[Black "Zach, Tomas"]
[Result "1-0"]
[WhiteElo "1808"]
[BlackElo "1617"]
[PlyCount "45"]
[EventDate "2020.08.23"]

1. d4 d5 2. e3 c6 3. Bd3 e6 4. f4 h5 5. Nf3 Nf6 6. Nbd2 Qc7 7. Qe2 c5 8. c3 Nc6
9. Ne5 b6 10. O-O Bb7 11. Nxc6 Bxc6 12. Nf3 O-O-O 13. Ne5 c4 14. Bc2 g6 15. a4
Bd6 16. Bd2 Bxe5 17. fxe5 Nh7 18. Be1 Bb7 19. Bg3 Kb8 20. Rf2 a6 21. Raf1 Rd7
22. Qf3 Ng5 23. Qf6 1-0

[Event "Mezinarodni turnaj - CALLIDITAS OPEN"]
[Site "Plzen"]
[Date "2020.08.29"]
[Round "8.20"]
[White "Navratil, Ladislav"]
[Black "Schoeppe, Christian"]
[Result "1-0"]
[WhiteElo "1746"]
[BlackElo "1528"]
[PlyCount "74"]
[EventDate "2020.08.23"]

1. c4 Nf6 2. Nc3 g6 3. g3 c6 4. Bg2 d5 5. cxd5 cxd5 6. d4 Bg7 7. Nf3 Nc6 8. O-O
O-O 9. Bg5 Bf5 10. Nh4 Be6 11. Nf3 Bf5 12. Rc1 Qd7 13. Re1 Ne4 14. Bf4 f6 15.
Nh4 Nxc3 16. Rxc3 Bh3 17. Bc1 Bxg2 18. Nxg2 e5 19. dxe5 fxe5 20. Qb3 Nd4 21.
Qd1 Kh8 22. Rd3 Rac8 23. f4 exf4 24. Nxf4 Nc2 25. Rxd5 Qc6 26. Rf1 Qb6+ 27. Kh1
Bxb2 28. Bxb2+ Qxb2 29. Qd2 Qf6 30. Rd6 Qg7 31. Rc1 Qb2 32. Nxg6+ Kg8 33. Nxf8
Kxf8 34. Rf1+ Kg8 35. Rd8+ Rxd8 36. Qxd8+ Kg7 37. Qg5+ Kh8 1-0

[Event "Mezinarodni turnaj - CALLIDITAS OPEN"]
[Site "Plzen"]
[Date "2020.08.29"]
[Round "8.21"]
[White "Kratochvilova, Magdalena"]
[Black "Soutner, Jaroslav"]
[Result "1/2-1/2"]
[WhiteElo "1580"]
[BlackElo "1726"]
[PlyCount "59"]
[EventDate "2020.08.23"]

1. e4 e5 2. Nf3 Nc6 3. d4 exd4 4. Nxd4 Nf6 5. Nc3 Bb4 6. Nxc6 bxc6 7. Bd3 d5 8.
exd5 cxd5 9. O-O O-O 10. Bg5 c6 11. Qf3 Rb8 12. Rab1 Bd6 13. Ne2 Bg4 14. Bxf6
Bxf3 15. Bxd8 Bxe2 16. Bxe2 Rfxd8 17. Bf3 Be5 18. b3 Bf6 19. Rbd1 Kf8 20. Rfe1
Rbc8 21. Bg4 Rb8 22. Bf5 h6 23. Bd3 Re8 24. a4 Bc3 25. Re2 Rxe2 26. Bxe2 Bf6
27. Bf3 Rc8 28. Kf1 Be5 29. h3 Rc7 30. Be2 1/2-1/2

[Event "Mezinarodni turnaj - CALLIDITAS OPEN"]
[Site "Plzen"]
[Date "2020.08.29"]
[Round "8.22"]
[White "Mastny, Theodor"]
[Black "Hoerhold, Karola"]
[Result "1-0"]
[WhiteElo "1440"]
[BlackElo "1725"]
[PlyCount "81"]
[EventDate "2020.08.23"]

1. d4 f5 2. c4 Nf6 3. Nc3 e6 4. Nf3 Bb4 5. Bg5 O-O 6. g3 d6 7. Bg2 h6 8. Bxf6
Qxf6 9. O-O Bxc3 10. bxc3 e5 11. dxe5 dxe5 12. Qd5+ Kh8 13. Qxe5 c6 14. Rfd1
Nd7 15. Qxf6 Rxf6 16. Rab1 Kg8 17. Rd4 Kf8 18. Rbd1 Ke7 19. e4 Nc5 20. exf5
Bxf5 21. g4 Be6 22. Ne5 g5 23. Be4 Rg8 24. Bc2 Bc8 25. Re1 Be6 26. Bf5 Ke8 27.
Kg2 Rg7 28. Kg3 h5 29. h3 h4+ 30. Kg2 Ke7 31. Nf3 Ke8 32. Rd2 Re7 33. Rde2 Kd7
34. Nxg5 b6 35. Nxe6 Nxe6 36. Rxe6 Rexe6 37. Rxe6 Rxe6 38. Bxe6+ Kxe6 39. f4 b5
40. cxb5 cxb5 41. Kf3 1-0

[Event "Mezinarodni turnaj - CALLIDITAS OPEN"]
[Site "Plzen"]
[Date "2020.08.29"]
[Round "8.24"]
[White "Roubal, Matyas"]
[Black "Macho, Miloslav"]
[Result "1-0"]
[WhiteElo "1471"]
[BlackElo "1661"]
[PlyCount "61"]
[EventDate "2020.08.23"]

1. e4 g6 2. d4 c6 3. Nc3 Bg7 4. Bc4 b5 5. Bb3 b4 6. Na4 Nf6 7. e5 Nd5 8. c3
bxc3 9. Nxc3 Nxc3 10. bxc3 a5 11. Ne2 Ba6 12. O-O a4 13. Bc2 d6 14. f4 O-O 15.
Rf3 c5 16. Be3 Qa5 17. Bd3 c4 18. Be4 d5 19. Bc2 Bc8 20. f5 Bxf5 21. Bxf5 gxf5
22. Nf4 Ra6 23. Qc2 e6 24. Nh5 Kh8 25. Nxg7 Kxg7 26. Rg3+ Kh8 27. Bh6 Rg8 28.
Qf2 Rg6 29. Rxg6 hxg6 30. Qh4 Kh7 31. Bf8+ 1-0

[Event "Mezinarodni turnaj - CALLIDITAS OPEN"]
[Site "Plzen"]
[Date "2020.08.29"]
[Round "8.25"]
[White "Konecny, Jakub"]
[Black "Nagyova, Daniela"]
[Result "0-1"]
[WhiteElo "1245"]
[BlackElo "1572"]
[PlyCount "44"]
[EventDate "2020.08.23"]

1. c4 e5 2. Nc3 Nf6 3. e4 Nc6 4. g3 Be7 5. Bg2 d6 6. Nge2 Be6 7. d3 O-O 8. h3
a6 9. a4 Na7 10. Be3 c6 11. b4 d5 12. c5 d4 13. Bxd4 exd4 14. Nb1 b6 15. Qc2
bxc5 16. bxc5 Qa5+ 17. Nd2 Bxc5 18. O-O Bb4 19. Nf3 c5 20. e5 Nd5 21. Ng5 Rad8
22. f4 Ne3 0-1

[Event "Mezinarodni turnaj - CALLIDITAS OPEN"]
[Site "Plzen"]
[Date "2020.08.29"]
[Round "8.26"]
[White "Novotny, Jaromir"]
[Black "Lorenc, David"]
[Result "1/2-1/2"]
[WhiteElo "1737"]
[BlackElo "1772"]
[PlyCount "61"]
[EventDate "2020.08.23"]

1. b3 d5 2. Bb2 Nf6 3. e3 c5 4. Bb5+ Bd7 5. Bxd7+ Nbxd7 6. d3 e6 7. Ne2 Be7 8.
Nd2 O-O 9. c4 Rc8 10. O-O a6 11. Qc2 Qc7 12. Ng3 Rfd8 13. Nf3 h6 14. Rfe1 b5
15. Rad1 dxc4 16. dxc4 Qb7 17. Rd2 Nb8 18. Red1 b4 19. Bxf6 Bxf6 20. Ne4 Rxd2
21. Nxf6+ gxf6 22. Qxd2 Nc6 23. Qb2 Qe7 24. Rd3 Rd8 25. Qd2 Rxd3 26. Qxd3 a5
27. h3 Qc7 28. Qd2 Qe7 29. g3 Qc7 30. h4 Ne7 31. e4 1/2-1/2